| 000 | 02111nas a2200349 i 4500 | ||
|---|---|---|---|
| 003 | DO-SdBNP | ||
| 005 | 20260428142330.0 | ||
| 006 | asn|p|r||||||spa| | ||
| 007 | ta | ||
| 008 | 260428e2008 dr m||p|rp|||||0| | spa d | ||
| 040 |
_aDO-SdBNP _bspa _cDO-SdBNP _erda |
||
| 041 | _aspa | ||
| 044 |
_adr _cDO |
||
| 110 |
_aÓrgano en Difusión del Comité Olímpico Dominicana _989421 |
||
| 245 | 0 |
_aFlash olímpico / _cÓrgano en Difusión del Comité Olímpico Dominicana. |
|
| 264 |
_aSanto Domingo, República Dominicana : _bÓrgano en Difusión del Comité Olímpico Dominicana, _c2008. |
||
| 300 |
_avolumen : _bilustraciones, fotografías, tablas ; _c27 cm. |
||
| 310 | _aMensual. | ||
| 336 |
_atexto _btxt _2rdacontent |
||
| 337 |
_asin mediación _bn _2rdamedia |
||
| 338 |
_avolumen _bnc _2rdacarrier |
||
| 340 | _eImpreso. | ||
| 362 | _aAño 1. No. 8 marzo, 2008. | ||
| 500 | _aCatalogación basada en: Año 1. No. 8, marzo 2008. | ||
| 500 | _aTercer Encuentro Federativo. | ||
| 520 | _a"Flash Olímpico" es el medio de comunicación oficial del Comité Olímpico Dominicano (COD), encargado de difundir noticias, eventos y actividades deportivas del país. Función y Propósito El Comité Olímpico Dominicano (COD) es el organismo rector que representa al deporte nacional ante el Comité Olímpico Internacional, los Juegos Olímpicos, los Juegos Panamericanos y los Juegos Centroamericanos y del Caribe. Fundado oficialmente el 15 de febrero de 1962, el COD coordina, promueve y supervisa todas las actividades deportivas en República Dominicana. Dentro de sus funciones, se incluye la difusión de información deportiva, la cobertura de eventos nacionales e internacionales y la comunicación de logros de atletas dominicanos. | ||
| 650 | 0 |
_aDeportes _vPublicaciones periódicas _988755 _zRepública Dominicana |
|
| 650 | 0 |
_aJuegos olímpicos _vPublicaciones periódicas _946134 _yRepública Dominicana |
|
| 650 | 0 |
_aNoticias _vPublicaciones periódicas _949 _zRepública Dominicana |
|
| 650 | 0 |
_aReportajes _vPublicaciones periódicas _955 _zRepública Dominicana |
|
| 942 |
_2ddc _cISSUE |
||
| 999 |
_c60630 _d60630 |
||